zpět

Detail výsledku týmu

BB69, Hradec Králové

Datum a čas kvízu

33 Celkem bodů Celkový počet nahraných bodů na tomto kvízu bez doplňovacích otázek.
4. Pořadí na kvízu Konečné umístění týmu na tomto kvízu.

Zaznamenané odpovědi

# Otázka Odpověď Body Výsledky
1. V neděli 17. listopadu v 17:11... Modlitba pro Martu 0
2. Ruské ministerstvo spravedlnos... Člověk v tísni 1
3. Příslušníci jistého náboženstv... o sikhismus 0
4. 11. listopadu se ve světě již... na nezadané 0
5. Ve kterém českém městě se odeh... v Plzni 1
6. Téma o tomto komikovi si vybra... v Litoměřicích 1
7. Jak se jmenuje herečka zdatně... Iva Janžurová 0
8. Ve scénce Luštitel křížovek Ho... Právě proto tam budou vzácný. 1
9. Milan Neděla hraje v této scén... B) manželem Holzmannovy milenky 1
10. Ve scénce V restauraci hraje H... To vám snad stačí, ne? 0